LIBRARY & INFORMATION CENTRE, KCAET, TAVANUR

ONLINE PUBLIC ACCESS CATALOGUE (OPAC)

Irrigation engineering (Record no. 13755)

MARC details
000 -LEADER
fixed length control field 00274nam a22001217a 4500
020 ## - INTERNATIONAL STANDARD BOOK NUMBER
ISBN 9788189729981
082 ## - DEWEY DECIMAL CLASSIFICATION NUMBER
Classification number 631.5871
Item number RED/IR
245 ## - TITLE STATEMENT
Title Irrigation engineering
260 ## - PUBLICATION, DISTRIBUTION, ETC. (IMPRINT)
Place of publication New Delhi
Name of publisher Gene-tech Books
Year of publication 2010
300 ## - PHYSICAL DESCRIPTION
Number of Pages 272 p
700 ## - ADDED ENTRY--PERSONAL NAME
Personal name Reddy, R.N
942 ## - ADDED ENTRY ELEMENTS (KOHA)
Koha item type Books
Holdings
Withdrawn status Lost status Damaged status Collection code Home library Current library Shelving location Date acquired Source of acquisition Cost, normal purchase price Full call number Accession Number Koha item type
      Non-fiction KAUAET KAUAET General Stacks 31/03/2012 IBPSS, New Delhi 800.00 631.5871 RED/IR 23565 Books
      Non-fiction KAUAET KAUAET General Stacks 31/03/2012 IBPSS, New Delhi 800.00 631.5871 RED/IR 23566 Books
      Non-fiction KAUAET KAUAET General Stacks 31/03/2012 Southern Book star, Tvm 800.00 631.5871 RED/IR 23389 Books
      Non-fiction KAUAET KAUAET General Stacks 30/03/2013 Neoti Book Agency 800.00 631.5871 RED/IR 23843 Books
free website counter